00647cam a2200217 a 4500003000500000005001700005008004100022010001000063011001000073020001500083035001000098040000900108082001600117100002900133245007700162260006000239300001100299650004400310650004200354650003300396CHAP20220329142118.0990722d1982 us r 00110 eng d a78596 a79568 a0878404023 a89831 cCHAP04a341.481bC700aCrahan, Margaret E.eed.10aHuman rights and basic needs in the americasc/ed. by Margaret E. Crahan aWashington, D.C. :bGeorgetown University Press,c1982. a343 p.14aAmerica LatinaxCondiciones economicas.14aAmerica LatinaxCondiciones sociales.14aDerechos humanosxAmérica.